Normal view
MARC view
Entry Personal Name
001 - CONTROL NUMBER
- control field: 757420
003 - CONTROL NUMBER IDENTIFIER
- control field: OSt
005 - DATE AND TIME OF LATEST TRANSACTION
- control field: 20250508150712.0
008 - FIXED-LENGTH DATA ELEMENTS
- fixed length control field: 250508|| aca||aabn | a|a d
040 ## - CATALOGING SOURCE
- Original cataloging agency: OSt
- Transcribing agency: OSt
100 ## - HEADING--PERSONAL NAME
- Personal name: Trewartha Glenn T Shearer M H
670 ## - SOURCE DATA FOUND
- Source citation: Work cat.: (OSt)1325150: Finch Vernor C, Earth and its resources: A textbook for courses in physical geography and earth science, 1948
